000 00294nam a2200121Ia 4500
008 191201s2007 xx 000 0 und d
100 _aJERKE, Noel
245 0 _aVisual Basic 6 The Complete Reference
260 _aN.Delhi
_bTMH
_c2007
300 _a768
650 _aB.Tech(IT)
942 _2ddc
_cBK
999 _c3151
_d3151